Evaluation of the construction (design and management) regulations 2007 (Record no. 113911)
[ view plain ]
| 000 -LEADER | |
|---|---|
| fixed length control field | 01501cad a22002415a 4500 |
| 001 - CONTROL NUMBER | |
| control field | L155909 |
| 008 - FIXED-LENGTH DATA ELEMENTS--GENERAL INFORMATION | |
| fixed length control field | 120420s2012 xxk 000 0 eng d |
| 035 ## - SYSTEM CONTROL NUMBER | |
| System control number | (Sirsi) u155909 |
| 041 0# - LANGUAGE CODE | |
| Language code of text/sound track or separate title | eng |
| 110 2# - MAIN ENTRY--CORPORATE NAME | |
| Corporate name or jurisdiction name as entry element | Great Britain |
| Subordinate unit | Health and Safety Executive |
| 245 00 - TITLE STATEMENT | |
| Title | Evaluation of the construction (design and management) regulations 2007 |
| Remainder of title | part 1 main report |
| Medium | [electronic resource] |
| 260 ## - PUBLICATION, DISTRIBUTION, ETC. | |
| Place of publication, distribution, etc. | [S.l.] |
| Name of publisher, distributor, etc. | HSE |
| Date of publication, distribution, etc. | 2012 |
| 490 #0 - SERIES STATEMENT | |
| Series statement | Research Report |
| -- | 920 |
| 505 ## - FORMATTED CONTENTS NOTE | |
| Formatted contents note | Key messages -- Executive summary -- Introduction -- Aims and objectives of this report -- Changes between CDM 1994 and CDM 2007 -- What works well and what does not work well with CDM 2007 -- Impact of industry practice on CDM 2007 -- Commercial pressures drive the procurement process and limit the level of compliance with CDM 2007 -- Cost implications of CDM 2007 |
| 520 ## - SUMMARY, ETC. | |
| Summary, etc. | This report is the output from an evaluation in 2010 and asks to what extent have the 2007 regulations met HSE's objectives for these regulations, as distinct from the earlier 1994 regulations, and what are the cost implications for the construction industry of CDM 2007? A summary of the findings is contained within this report. |
| 590 ## - LOCAL NOTE (RLIN) | |
| Local note | KA NTK |
| 651 #4 - SUBJECT ADDED ENTRY--GEOGRAPHIC NAME | |
| Geographic name | Great Britain |
| Chronological subdivision | 1707- |
| 690 ## - LOCAL SUBJECT ADDED ENTRY--TOPICAL TERM (OCLC, RLIN) | |
| Topical term or geographic name as entry element | Construction management |
| 9 (RLIN) | 6230 |
| 690 ## - LOCAL SUBJECT ADDED ENTRY--TOPICAL TERM (OCLC, RLIN) | |
| Topical term or geographic name as entry element | Design and specification |
| 710 1# - ADDED ENTRY--CORPORATE NAME | |
| Corporate name or jurisdiction name as entry element | Frontline Consultants |
| 9 (RLIN) | 5690 |
| 856 40 - ELECTRONIC LOCATION AND ACCESS | |
| Uniform Resource Identifier | <a href="https://www.hse.gov.uk/research/rrpdf/rr920.pdf">https://www.hse.gov.uk/research/rrpdf/rr920.pdf</a> |
| Public note | View the report free of charge at www.www.hse.gov.uk |
| 942 ## - ADDED ENTRY ELEMENTS (KOHA) | |
| Suppress in OPAC | 0 |
| Withdrawn status | Lost status | Source of classification or shelving scheme | Damaged status | Not for loan | Home library | Current library | Shelving location | Date acquired | Total Checkouts | Full call number | Barcode | Date last seen | Copy number | Price effective from | Koha item type |
|---|---|---|---|---|---|---|---|---|---|---|---|---|---|---|---|
| Dewey Decimal Classification | Virtual | Virtual | Online | 20/04/2012 | ONLINE PUBLICATION | 155909-2001 | 06/08/2019 | 1 | 06/08/2019 | Book |